000
00239nam a2200097Ia 4500
001
714639
005
20250826162909.0
008
250824s9999 xx 000 0 und d
245
0
_a
GENİŞ ZAMANLAR
_c
AYŞE KULİN
260
_b
EVEREST YAYINLARI
999
_c
714639
_d
714639